000 00919cam a2200325 4500
001 ABS63405
008 000000n2001 000 0 eng u
035 _a(Sirsi) u110766
245 _aRegional survey: Yorkshire
260 _c2001
490 _aProperty Week
_v66(5) 2 February 2001, 65-82(9)
590 _aABS
650 _aBRADFORD
650 _aDONCASTER
650 _aGRIMSBY
650 _aHOUSING MARKET
650 _aHULL
650 _aINDUSTRIAL MARKET
650 _aKINGSTON UPON HULL
650 _aLEEDS
650 _aMEADOWHALL
650 _aMIDDLESBROUGH
650 _aPROPERTY-COMMERCIAL PROPERTY-OFFICE PROPERTY-OFFICE PROPERTY MARKET
650 _aPROPERTY-COMMERCIAL PROPERTY-RETAIL PROPERTY-RETAIL PROPERTY MARKET
650 _aSHEFFIELD
650 _aWAKEFIELD
650 _aYORKSHIRE
690 _aPROPERTY-COMMERCIAL PROPERTY-COMMERCIAL PROPERTY MARKET
942 _n0
999 _c66027
_d66027